[Event "Druzynowe Mistrzostwa Polski - II Liga 2023"]
[Site "Jastrzebia Gora"]
[Date "1899-12-30"]
[Round "8.100"]
[White "Kuma, Boguslaw"]
[Black "Draganik, Grzegorz"]
[Result "0-1"]
[WhiteTitle "k"]
[BlackTitle "I"]
[WhiteElo "2073"]
[BlackElo "1858"]

1. e4 c6 2. Nc3 d5 3. Nf3 Bg4 4. h3 Bxf3 5. Qxf3 e6 6. exd5 cxd5 7. Bb5+ Nc6 8.
O-O Nf6 9. Re1 Be7 10. d4 O-O 11. Bxc6 bxc6 12. Bg5 Qb6 13. Qd3 Qxb2 14. Bxf6
gxf6 15. Rab1 Qa3 16. Re3 Rab8 17. Rxb8 Rxb8 18. Qd2 Qd6 19. g3 c5 20. Ne2 Bf8
21. Rf3 f5 22. Qg5+ Bg7 23. g4 fxg4 24. hxg4 cxd4 25. Nxd4 Qd8 26. Qh5 Bxd4 27.
Qxf7+ Kh8 28. Qxe6 Qg8 29. Qd7 Rf8 0-1

[Event "Druzynowe Mistrzostwa Polski - II Liga 2023"]
[Site "Jastrzebia Gora"]
[Date "1899-12-30"]
[Round "8.101"]
[White "Mirowska, Oliwia"]
[Black "Szymczak, Rafal"]
[Result "1/2-1/2"]
[WhiteTitle "k"]
[BlackTitle "k"]
[WhiteElo "1976"]
[BlackElo "1843"]

1. e4 c6 2. d4 d5 3. exd5 cxd5 4. Bd3 Nc6 5. c3 g6 6. h3 Bg7 7. Nf3 Nf6 8. O-O
O-O 9. Bf4 Bf5 10. Re1 Bxd3 11. Qxd3 e6 12. Nbd2 Rc8 1/2-1/2

[Event "Druzynowe Mistrzostwa Polski - II Liga 2023"]
[Site "Jastrzebia Gora"]
[Date "1899-12-30"]
[Round "8.102"]
[White "Baranska, Monika"]
[Black "Jalowiec, Halina"]
[Result "1/2-1/2"]
[WhiteTitle "I++"]
[BlackTitle "WFM"]
[WhiteElo "1776"]
[BlackElo "1773"]

1. d4 d5 2. c4 e6 3. Nc3 c6 4. cxd5 exd5 5. Nf3 Bf5 6. Bf4 Bd6 7. Bxd6 Qxd6 8.
e3 Nd7 9. Bd3 Bxd3 10. Qxd3 Ngf6 11. O-O O-O 12. h3 Rfe8 13. Nd2 Rad8 14. a3 c5
15. dxc5 Nxc5 16. Qd4 a6 17. Rad1 Ne6 18. Qd3 Qb6 19. Qb1 d4 20. exd4 Nxd4 21.
Nc4 Qc5 22. Ne3 Qg5 23. Kh1 Ne6 1/2-1/2

[Event "Druzynowe Mistrzostwa Polski - II Liga 2023"]
[Site "Jastrzebia Gora"]
[Date "1899-12-30"]
[Round "8.103"]
[White "Siwiec, Arkadiusz"]
[Black "Mrozowski, Patryk"]
[Result "1-0"]
[WhiteTitle "I++"]
[BlackTitle "I++"]
[WhiteElo "2211"]
[BlackElo "2118"]

1. e4 c5 2. Nf3 e6 3. Nc3 a6 4. d4 cxd4 5. Nxd4 Qc7 6. Qf3 Nc6 7. Be3 Nf6 8. O-O-O
d6 9. Qg3 Nxd4 10. Bxd4 e5 11. Be3 b5 12. a3 Bb7 13. f3 Rc8 14. Qf2 Be7 15. g4
Nd7 16. h4 Nc5 17. g5 Bc6 18. h5 Qb7 19. Rg1 b4 20. axb4 Qxb4 21. Bxc5 dxc5 22.
Nd5 Bxd5 23. Rxd5 Qa5 24. Kb1 Rb8 25. Qd2 Qxd2 26. Rxd2 Rb6 27. Rd5 Bd6 28. Bc4
Ke7 29. b3 Rc6 30. Kb2 Rd8 31. Ra1 Bc7 32. Bxa6 Rxd5 33. exd5 Rb6 34. Bc4 h6 35.
Ra7 Kd8 36. gxh6 Rxh6 37. d6 Rxd6 38. Bxf7 Rf6 39. Bd5 Rh6 40. Kc3 Rxh5 41. Kc4
Bd6 42. Be6 Bc7 43. Bg4 Rg5 44. Ra8+ Ke7 45. Kxc5 e4+ 46. Kc6 Be5 47. Ra4 exf3
48. Bxf3 Rg3 49. Be4 Rc3+ 50. Kd5 Bf4 51. Ra7+ Kf6 52. Ra6+ Ke7 53. Re6+ Kd7 54.
Rg6 Bh6 55. b4 Kc7 56. Kd4 Ra3 57. c4 Rb3 58. b5 Be3+ 59. Kd5 Bh6 60. Rc6+ Kb7
61. Re6 Bg5 62. c5 Rb4 63. Kd6+ Ka7 64. Re8 Rd4+ 65. Kc6 Rd8 66. b6+ Kb8 67. Rxd8+
1-0

[Event "Druzynowe Mistrzostwa Polski - II Liga 2023"]
[Site "Jastrzebia Gora"]
[Date "1899-12-30"]
[Round "8.104"]
[White "Papka, Sebastian"]
[Black "Jankowiak, Tomasz"]
[Result "1-0"]
[WhiteTitle "k"]
[BlackTitle "CM"]
[WhiteElo "2107"]
[BlackElo "2174"]

1. d4 Nf6 2. Nf3 e6 3. c4 c5 4. e3 cxd4 5. exd4 b6 6. Bg5 Bb7 7. Nc3 Be7 8. Bd3
O-O 9. O-O d5 10. Bxf6 Bxf6 11. cxd5 Bxd5 12. Nxd5 exd5 13. Rc1 Qd6 14. Qc2 g6
15. Qc7 Qxc7 16. Rxc7 Rd8 17. Bb5 a6 18. Bc6 Nxc6 19. Rxc6 Kg7 20. Rxb6 Rdb8 21.
Rxb8 Rxb8 22. b3 Rc8 23. Rb1 Rc2 24. a4 Be7 25. b4 Bxb4 26. Kf1 a5 27. Ra1 f6
28. g4 Kf7 29. Kg2 Ke6 30. h3 Kd6 31. Kg3 Bc3 32. Ra3 Bb4 33. Ra1 Rc4 34. Kg2
Bc3 35. Rc1 Bb2 36. Rb1 Bxd4 37. Rb5 Bc3 38. Rb7 Rxa4 39. Rxh7 Rc4 40. g5 fxg5
41. Nxg5 Rc7 42. Rh6 Rg7 43. Rh8 Ra7 44. Rh6 Ke5 45. Rxg6 Kf5 46. Rc6 d4 47. Rc5+
Kf4 48. Rb5 Ra6 49. h4 a4 50. f3 a3 51. Kf2 Be1+ 52. Kxe1 a2 53. Kf2 Rb6 54. Nh3#
d3 1-0

[Event "Druzynowe Mistrzostwa Polski - II Liga 2023"]
[Site "Jastrzebia Gora"]
[Date "1899-12-30"]
[Round "8.105"]
[White "Jankowiak, Piotr"]
[Black "Drozdowski, Konrad"]
[Result "0-1"]
[WhiteTitle "k"]
[BlackTitle "k"]
[WhiteElo "2073"]
[BlackElo "2104"]

1. e4 c5 2. Nf3 e6 3. d4 cxd4 4. Nxd4 a6 5. Bd3 Bc5 6. Nb3 Ba7 7. O-O Nc6 8. Qe2
d6 9. Be3 Nge7 10. c4 O-O 11. Nc3 e5 12. Bxa7 Rxa7 13. Qe3 Be6 14. Rad1 Qb8 15.
Nd5 b5 16. f4 exf4 17. Rxf4 Ng6 18. Rf5 bxc4 19. Bxc4 Nge5 20. Be2 Bxf5 21. exf5
f6 22. Rf1 a5 23. Nd4 Nxd4 24. Qxd4 Rb7 25. Kh1 Rxb2 26. Bc4 Nxc4 27. Qxc4 Qb5
28. Ne7+ Kh8 29. Qc1 Qxf1+ 30. Qxf1 Rfb8 31. Nc6 Rb1 32. Kg1 Rxf1+ 33. Kxf1 Rb1+
0-1

[Event "Druzynowe Mistrzostwa Polski - II Liga 2023"]
[Site "Jastrzebia Gora"]
[Date "1899-12-30"]
[Round "8.107"]
[White "Statucki, Maciej"]
[Black "Lewandowski, Marek"]
[Result "1-0"]
[WhiteTitle "I"]
[BlackTitle "I+"]
[WhiteElo "1868"]
[BlackElo "1743"]

1. e4 c5 2. Nf3 Nf6 3. Nc3 d5 4. e5 Nfd7 5. Nxd5 Nxe5 6. Ne3 Nxf3+ 7. Qxf3 Nc6
8. Bc4 e6 9. c3 Be7 10. Qg3 O-O 11. O-O Bh4 12. Qh3 e5 13. Qf3 Bg5 14. d3 Kh8
15. Bd5 Bd7 16. g3 f5 17. Nc4 Bxc1 18. Raxc1 Qf6 19. Qg2 Rae8 20. f4 b5 21. Nd2
exf4 22. gxf4 Ne7 23. Bb7 Bc6 24. Bxc6 Qxc6 25. Qxc6 Nxc6 26. Nb3 c4 27. dxc4
bxc4 28. Nc5 Re2 29. Rf2 Rfe8 30. Rc2 Re1+ 31. Kg2 h6 32. Rcd2 Rd8 33. Rxd8+ Nxd8
34. Rd2 Ne6 35. Kf2 Nxc5 36. Kxe1 Nd3+ 37. Kf1 Nxf4 38. Rd4 g5 39. Rxc4 Kg7 40.
a4 Nd5 41. Rd4 Ne3+ 42. Ke2 f4 43. a5 Ng4 44. h3 Ne5 45. b4 h5 46. b5 Kf6 47.
a6 f3+ 48. Kf2 g4 49. hxg4 hxg4 50. b6 1-0

[Event "Druzynowe Mistrzostwa Polski - II Liga 2023"]
[Site "Jastrzebia Gora"]
[Date "1899-12-30"]
[Round "8.108"]
[White "Mackiewicz, Anna"]
[Black "Czarniecka, Aleksandra"]
[Result "1-0"]
[WhiteTitle "k+"]
[BlackTitle "m"]
[WhiteElo "1844"]
[BlackElo "2000"]

1. Nf3 d5 2. d4 Nf6 3. Bf4 c5 4. dxc5 Qa5+ 5. c3 Qxc5 6. e3 Nc6 7. Be2 g6 8. Nbd2
Bg7 9. O-O O-O 10. Rc1 Rd8 11. Bc7 a6 12. Bxd8 Nxd8 13. c4 Nc6 14. cxd5 Qxd5 15.
Nc4 Rb8 16. Qxd5 Nxd5 17. Rfd1 e6 18. Nd4 Bd7 19. Bf3 Nxd4 20. exd4 Bh6 21. Ra1
Bc6 22. Ne5 Bb5 23. a4 Be8 24. Bxd5 exd5 25. Ng4 Bg5 26. g3 Bd7 27. Ne3 Bc6 28.
h4 Bd8 29. b3 Ba5 30. Ng4 Kg7 31. Rac1 f6 32. Rd3 Re8 33. Re3 Rxe3 34. Nxe3 Kf7
35. Rc2 Bb6 36. Rd2 Ba5 37. Re2 Bb6 38. Nc2 Ba7 39. Rd2 Ke6 40. Re2+ Kf7 41. Kg2
Bb6 42. Kf3 Ba7 43. Ke3 Ke6 44. Kd3+ Kd6 45. Kc3 Bb6 46. Ne1 Bd8 47. Nd3 b6 48.
Nb4 Bb7 49. Re8 Kd7 50. Rh8 h5 51. Rh6 a5 52. Nd3 Bc8 53. Rxg6 Ke7 54. Nf4 Kf7
55. Rh6 1-0

[Event "Druzynowe Mistrzostwa Polski - II Liga 2023"]
[Site "Jastrzebia Gora"]
[Date "1899-12-30"]
[Round "8.109"]
[White "Janocha, Wieslaw"]
[Black "Trzebinski, Patryk"]
[Result "1/2-1/2"]
[WhiteTitle "FM"]
[BlackTitle "I++"]
[WhiteElo "2208"]
[BlackElo "1916"]

1. e4 c5 2. Nf3 Nc6 3. d4 cxd4 4. Nxd4 g6 5. c4 Bg7 6. Nc2 d6 7. Be2 Nh6 8. Nc3
f5 9. O-O O-O 10. Rb1 f4 11. Nd5 g5 12. b4 e6 13. b5 Ne5 14. Ndb4 g4 15. f3 g3
16. Re1 gxh2+ 17. Kh1 Ng6 18. Rb3 Nf7 19. Nd3 Qg5 20. Bf1 h5 21. Qd2 e5 22. Kxh2
Be6 23. Rc3 Bf6 24. Qf2 Bd8 25. Ncb4 Bxc4 26. Rxc4 Bb6 27. Nc5 Bxc5 28. Rxc5 dxc5
29. Nd5 h4 30. Rd1 Qg3+ 31. Kg1 Qxf2+ 32. Kxf2 Rfd8 33. a4 Kf8 34. Ba3 b6 35.
Bc4 Ne7 36. Rh1 Ng6 37. Nc7 Rac8 38. Ne6+ Ke7 39. Nxd8 Nxd8 40. Bb2 Ne6 41. Ra1
Nd4 42. Rc1 Rh8 43. Bf1 Ne6 44. a5 Nc7 45. Ra1 Ra8 46. Bc4 bxa5 47. Rxa5 Kd6 48.
Bc3 Ne7 49. Kf1 Nc8 50. Ra1 Ne6 51. Ra6+ Nb6 52. Bd5 Nc7 53. Bxa8 Nxa6 54. bxa6
Nxa8 55. Be1 Nc7 56. Bxh4 Nxa6 57. g4 fxg3 58. Bxg3 Nb4 59. f4 exf4 60. Bxf4+
Kc6 61. Ke2 Kb5 62. Kd2 Kc4 63. Be3 Nd3 64. Kc2 Nb4+ 65. Kb2 Nd3+ 66. Ka3 Kb5
67. Bg1 Nb4 68. e5 Kc6 69. e6 Nd5 70. Kb3 Kb5 71. Bf2 c4+ 72. Ka3 a5 73. Bh4 Kc6
74. Be1 Kb5 75. Bh4 c3 76. e7 Nxe7 1/2-1/2

[Event "Druzynowe Mistrzostwa Polski - II Liga 2023"]
[Site "Jastrzebia Gora"]
[Date "1899-12-30"]
[Round "8.110"]
[White "Malinowski, Szymon"]
[Black "Wieczorek, Mikolaj"]
[Result "1/2-1/2"]
[WhiteTitle "I++"]
[BlackTitle "I++"]
[WhiteElo "1902"]
[BlackElo "1903"]

1. d4 Nf6 2. Nf3 c5 3. c3 g6 4. dxc5 Bg7 5. b4 O-O 6. Bb2 b6 7. cxb6 axb6 8. e3
d5 9. Be2 Qc7 10. O-O e6 11. Nbd2 Ne8 12. Qb3 Nd6 13. a4 Bd7 14. Rfc1 Rc8 15.
b5 Nc4 16. Nxc4 dxc4 17. Qc2 e5 18. Ba3 Bf5 19. e4 Bg4 20. Rd1 Nd7 21. Bd6 Qb7
22. h3 Bxf3 23. Bxf3 h5 24. Be2 Bf8 25. Bxf8 Nxf8 26. Rd5 Qc7 27. Qd2 Ne6 28.
Rd7 Rd8 29. Rd1 Rxd7 30. Qxd7 Qxd7 31. Rxd7 Rxa4 32. Rd6 Nc5 33. f3 Ra3 34. Bxc4
Rxc3 35. Bd5 Nd3 36. Rxg6+ Kh7 37. Rxb6 h4 38. Rc6 Ra3 39. Ra6 Rc3 40. Ra2 Rc1+
41. Kh2 Rb1 42. Bxf7 Nf4 43. Be8 Kg7 44. g3 hxg3+ 45. Kxg3 Rg1+ 46. Kh2 Rb1 47.
h4 Rb3 48. Kg3 Rb1 49. Ra7+ Kf8 50. Bc6 Rg1+ 51. Kf2 Rg2+ 52. Ke1 Nd3+ 53. Kd1
Nb2+ 54. Ke1 Nd3+ 55. Kf1 Rf2+ 56. Kg1 Rb2 57. h5 Ne1 58. h6 Nxf3+ 59. Kf1 Rd2
60. h7 Nh2+ 61. Ke1 Nf3+ 1/2-1/2

[Event "Druzynowe Mistrzostwa Polski - II Liga 2023"]
[Site "Jastrzebia Gora"]
[Date "1899-12-30"]
[Round "8.111"]
[White "Gibala, Adam"]
[Black "Twardowski, Hubert"]
[Result "1-0"]
[WhiteTitle "I"]
[BlackTitle "I+"]
[WhiteElo "1828"]
[BlackElo "1853"]

1. e4 e5 2. Nf3 Nc6 3. Bb5 a6 4. Ba4 Nf6 5. O-O b5 6. Bb3 Be7 7. d3 d6 8. a3 O-O
9. Nc3 Bg4 10. Be3 Na5 11. Ba2 c5 12. b4 Nc6 13. Nd5 Nd4 14. Bxd4 cxd4 15. Nxf6+
Bxf6 16. Bd5 Rc8 17. Ra2 Qd7 18. h3 Be6 19. Bxe6 Qxe6 20. Qb1 Rc3 21. a4 Rfc8
22. axb5 axb5 23. Re1 Qd7 24. Re2 Qc6 25. Ra7 Rc7 26. Qa2 Rxa7 27. Qxa7 h6 28.
Qa2 g6 29. g3 Kg7 30. h4 Qc8 31. Kg2 h5 32. Rd2 Rc6 33. Ne1 Ra6 34. Qb2 Qc3 35.
Qxc3 dxc3 36. Rd1 Ra2 37. Kf1 g5 38. hxg5 Bxg5 39. Ke2 Rb2 40. d4 Rxb4 41. Nf3
Bf6 42. dxe5 Bxe5 43. Kd3 Bf6 44. Ra1 Rb2 45. Ra6 Rb1 46. Ke2 b4 47. Rb6 Rc1 48.
Kd3 Rd1+ 49. Ke2 Rb1 50. Rb5 Kg6 51. Ne1 Rb2 52. Kd1 Rb1+ 53. Ke2 Rb2 54. Rb6
Kg7 55. Rxd6 b3 56. Rd1 bxc2 57. Rc1 Kg6 58. f4 Rb4 59. e5 Be7 60. Nxc2 Ra4 61.
Ne3 Bc5 62. Rxc3 Bxe3 63. Kxe3 Kf5 64. Rc7 Ra3+ 65. Kd4 Kg6 66. Rc6+ Kg7 67. Rc3
Ra4+ 68. Ke3 Ra6 69. Rd3 Ra4 70. Kf3 Kg6 71. Rd6+ Kg7 72. Rf6 Ra2 73. Rf5 Ra3+
74. Kg2 Kg6 75. Rg5+ Kh6 76. Kh3 Ra1 77. g4 Ra3+ 78. Kh4 hxg4 79. Kxg4 Ra4 80.
Kf5 Ra6 81. Rg4 Rb6 82. Ke4 Rb4+ 83. Kf5 Rb6 84. Rg2 Ra6 85. Rd2 Kg7 86. Rd6 Ra5
87. Rd7 Ra6 88. Kg4 Rb6 89. f5 Rb4+ 90. Kg5 Kg8 91. Rd8+ Kg7 92. f6+ Kh7 93. e6
Rb7 94. e7 1-0

[Event "Druzynowe Mistrzostwa Polski - II Liga 2023"]
[Site "Jastrzebia Gora"]
[Date "1899-12-30"]
[Round "8.112"]
[White "Chmura, Eryk"]
[Black "Nagly, Wojciech"]
[Result "0-1"]
[WhiteTitle "I++"]
[BlackTitle "I"]
[WhiteElo "1752"]
[BlackElo "1833"]

1. e4 c6 2. Nf3 d5 3. d3 dxe4 4. dxe4 Qxd1+ 5. Kxd1 Bg4 6. Be3 Nd7 7. Nbd2 Ngf6
8. Be2 e6 9. Nd4 Bxe2+ 10. Kxe2 O-O-O 11. f3 Bc5 12. c3 Ne5 13. Rhd1 Bb6 14. h3
h6 15. Nc2 Bxe3 16. Nxe3 Nh5 17. Ndc4 Nd3 18. Rd2 Ng3+ 19. Kd1 b5 20. Na5 Nxb2+
21. Kc2 Rxd2+ 22. Kxd2 Kc7 23. Kc2 Na4 24. Rd1 Ne2 25. c4 a6 26. Rd2 Nf4 27. Ng4
Ng6 28. Nf2 Kb6 29. Nb3 bxc4 30. Nc1 Kc7 31. Rd4 Nb6 32. Ng4 c5 33. Rd2 Rb8 34.
Ne3 Ne5 35. f4 Nc6 36. Ne2 f6 37. g3 e5 38. Kc3 Nd4 39. Nxc4 Nxc4 40. Kxc4 Nxe2
41. Rxe2 Kc6 42. fxe5 fxe5 43. Kc3 Rb4 44. g4 Kb5 45. h4 Rb1 46. g5 hxg5 47. hxg5
Rc1+ 48. Kb3 Rg1 49. a4+ Kc6 50. Kc4 Rxg5 51. a5 Rg4 52. Re1 g5 53. Rb1 Rxe4+
54. Kc3 Rb4 55. Rg1 g4 56. Re1 Kd5 57. Rd1+ Rd4 58. Rb1 g3 59. Rb8 Rg4 60. Rd8+
Ke4 61. Kd4+ 0-1

[Event "Druzynowe Mistrzostwa Polski - II Liga 2023"]
[Site "Jastrzebia Gora"]
[Date "1899-12-30"]
[Round "8.113"]
[White "Dobrowolski, Kamil"]
[Black "Hladun, Bartlomiej"]
[Result "1/2-1/2"]
[WhiteTitle "II+"]
[BlackTitle "I"]
[WhiteElo "1648"]
[BlackElo "1693"]

1. e4 c5 2. c3 Nf6 3. e5 Nd5 4. d4 cxd4 5. Nf3 Nc6 6. cxd4 d6 7. exd6 Qxd6 8. Nc3
Nxc3 9. bxc3 g6 10. Bc4 Bg7 11. O-O O-O 12. a4 Bg4 13. h3 Bxf3 14. gxf3 Rac8 15.
Ba2 Rfd8 16. Be3 Na5 17. Qd3 e6 18. Rfc1 Qc6 19. Qb5 b6 20. Kg2 Nc4 21. Bxc4 Qxc4
22. Rab1 Rd5 23. Qxc4 Rxc4 24. Rb4 Rxb4 25. cxb4 Bxd4 26. Rc7 a5 27. Bh6 Rd8 28.
b5 Bc5 29. Rc6 Rb8 30. Kg3 Be7 31. Be3 Bd8 32. Rc4 Kf8 33. Rc6 Ke7 34. Bf4 Rb7
35. Bg5+ f6 36. Be3 g5 37. f4 Bc7 38. Kg4 gxf4 39. Bxf4 f5+ 40. Kf3 Bxf4 41. Kxf4
Kf6 42. Ke3 Ke5 43. f4+ Kd5 44. h4 h5 45. Kf3 Rb8 46. Kg3 Rb7 47. Kf3 Rb8 48.
Kg3 e5 49. Rh6 Rg8+ 50. Kf2 Rg4 51. fxe5 Kxe5 52. Rxh5 Rxa4 53. Rh6 Rb4 54. Rxb6
Rxh4 55. Ra6 Ra4 56. b6 Kd6 57. b7+ Kc7 58. Rf6 f4 59. Rf7+ Kb8 60. Ke2 Rb4 61.
Kd2 a4 62. Kc3 Rb3+ 63. Kc2 Rf3 64. Kb2 Rb3+ 65. Ka2 f3 66. Rf4 Kxb7 67. Rxa4
Re3 68. Rf4 Kc6 69. Kb1 Kd5 70. Kc1 Ke5 71. Rf8 Ke4 72. Kd1 Ra3 73. Ke1 Ra1+ 74.
Kf2 Ra2+ 75. Kf1 Rg2 76. Re8+ Kf4 77. Rf8+ Ke4 78. Re8+ Kd5 79. Rd8+ Ke6 80. Rf8
Ke5 81. Rxf3 Ra2 1/2-1/2

[Event "Druzynowe Mistrzostwa Polski - II Liga 2023"]
[Site "Jastrzebia Gora"]
[Date "1899-12-30"]
[Round "8.114"]
[White "Filipska, Maja"]
[Black "Popczynska, Michalina"]
[Result "1-0"]
[WhiteTitle "I++"]
[BlackTitle "I"]
[WhiteElo "1763"]
[BlackElo "1502"]

1. e4 c5 2. Nf3 Nc6 3. d4 cxd4 4. Nxd4 g6 5. Nc3 Bg7 6. Be3 Nf6 7. Bc4 O-O 8. Bb3
d6 9. f3 Bd7 10. Qd2 Nxd4 11. Bxd4 b5 12. h4 a5 13. h5 a4 14. Bxf6 Bxf6 15. hxg6
Bg7 16. Bxf7+ Rxf7 17. gxf7+ Kh8 18. Qg5 Qf8 19. Qg6 Bxc3+ 20. bxc3 Qg7 21. Qxg7+
Kxg7 22. a3 Be6 23. Rh5 Bc4 24. Kd2 Rh8 25. Rah1 Bxf7 26. Rxb5 h5 27. Ra5 Be8
28. Ra8 Kf7 29. c4 Rh6 30. Rxe8 Kxe8 31. Kc3 Rg6 32. Rh2 Rg5 33. Kb4 Kd7 34. Kxa4
Re5 35. Kb4 Kc6 36. g3 Kb6 37. f4 Rxe4 38. Rxh5 e6 39. f5 exf5 40. Rxf5 Rg4 41.
Rf3 Kc6 42. a4 Rg5 43. a5 Rg4 44. Ra3 Kb7 45. a6+ Ka7 46. Kb5 Rg5+ 47. Kc6 Rc5+
48. Kxd6 Rxc4 49. Ke5 Rxc2 50. g4 Rc4 51. g5 Rc5+ 52. Kf6 Rc6+ 53. Kg7 Rc7+ 54.
Kh6 Rc1 55. g6 Rh1+ 56. Kg7 Rg1 57. Kf7 Rf1+ 58. Kg8 Rg1 59. g7 Rf1 60. Rh3 Kxa6
1-0

[Event "Druzynowe Mistrzostwa Polski - II Liga 2023"]
[Site "Jastrzebia Gora"]
[Date "1899-12-30"]
[Round "8.115"]
[White "Jedraszek, Pawel"]
[Black "Stanisz, Patryk"]
[Result "1-0"]
[WhiteTitle "k"]
[BlackTitle "CM"]
[WhiteElo "2098"]
[BlackElo "2149"]

1. e4 c6 2. d4 d5 3. Nc3 dxe4 4. Nxe4 Bf5 5. Ng3 Bg6 6. h4 h6 7. Nh3 Nf6 8. Nf4
Bh7 9. c3 e6 10. Bd3 Bxd3 11. Qxd3 Nd5 12. Ne4 Be7 13. h5 Nd7 14. O-O N7f6 15.
Re1 Nxf4 16. Nxf6+ gxf6 17. Bxf4 Qd5 18. Qh3 O-O-O 19. b3 Bd6 20. Be3 Bb8 21.
c4 Qd7 22. Red1 f5 23. Qf3 Qc7 24. g3 Rhg8 25. Kf1 Rg4 26. d5 Re4 27. Rd3 Qe7
28. Rad1 c5 29. Bxh6 Be5 30. Be3 b6 31. h6 Bf6 32. dxe6 Rxd3 33. Rxd3 fxe6 34.
Qh5 Rg4 35. h7 Bh8 36. Qh1 Kb8 37. Qc6 Rd4 38. Bxd4 cxd4 39. g4 Qxh7 40. gxf5
Qxf5 41. Rf3 Qb1+ 42. Kg2 Qg6+ 43. Rg3 Qf7 44. Qd6+ Kb7 45. b4 e5 46. Qd5+ Qxd5+
47. cxd5 Kc7 48. Rg6 e4 49. b5 e3 50. fxe3 dxe3 51. Kf3 Bd4 52. Rc6+ Kd7 53. Ke2
Bc5 54. Kd3 Ke7 55. a4 Kd7 56. a5 e2 57. Kxe2 Bg1 58. a6 Bd4 59. Kd3 1-0

[Event "Druzynowe Mistrzostwa Polski - II Liga 2023"]
[Site "Jastrzebia Gora"]
[Date "1899-12-30"]
[Round "8.116"]
[White "Kaminski, Piotr"]
[Black "Ugorek, Kacper"]
[Result "1/2-1/2"]
[WhiteTitle "k"]
[BlackTitle "I+"]
[WhiteElo "2024"]
[BlackElo "2004"]

1. d4 Nf6 2. c4 g6 3. Nc3 Bg7 4. e4 d6 5. f3 O-O 6. Be3 c5 7. Nge2 cxd4 8. Nxd4
Nc6 9. Qd2 Nxd4 10. Bxd4 Be6 11. Be2 a6 12. O-O Qa5 13. Rac1 Rfc8 14. b3 Nd7 15.
Bxg7 Kxg7 16. f4 f6 17. g4 b5 18. e5 bxc4 19. f5 Bg8 20. exf6+ exf6 21. g5 Rf8
22. Qxd6 Qb6+ 23. Qxb6 Nxb6 24. fxg6 cxb3 25. gxh7 Bxh7 26. gxf6+ Rxf6 27. Rxf6
Kxf6 28. axb3 Ke5 29. Na4 Nxa4 30. bxa4 Be4 31. Kf2 a5 32. Rc5+ Kd6 33. Rg5 Ra7
34. h4 Bc6 35. Bb5 Be4 36. Kg3 Ke6 37. Kf4 Bc2 38. h5 Rf7+ 39. Ke3 Rf5 40. Rg2
Bxa4 41. Bxa4 Rxh5 42. Rg4 Kd5 43. Kd3 Rh3+ 44. Kc2 Kc5 45. Kb2 Rd3 46. Bb3 Rd4
47. Rg8 Rh4 48. Ka3 Kb5 49. Rb8+ Ka6 50. Be6 Rb4 51. Ra8+ Kb6 52. Bc8 Rc4 53.
Ba6 Rh4 54. Kb3 Rh3+ 55. Kb2 Rh7 56. Bd3 Ra7 57. Rg8 Rc7 58. Kb3 Rd7 59. Bc4 Rd4
60. Rg6+ Kb7 61. Rg5 a4+ 62. Kb4 Kb6 63. Rg6+ Kc7 64. Kc5 Rd1 65. Ra6 Kd7 66.
Ra7+ Ke8 67. Bd5 Rg1 68. Kd6 Rg6+ 69. Be6 Kf8 70. Rxa4 Kg7 71. Ke7 Rg1 72. Ra8
Rg6 73. Bf7 Rb6 74. Rg8+ Kh6 75. Be6 Kh5 76. Kf6 Kh4 77. Rg4+ Kh5 78. Rg3 Rb4
79. Rg8 Kh4 80. Bf5 Rb6+ 81. Ke5 Kh5 82. Rg7 Kh6 83. Rg1 Kh5 84. Be6 Kh4 85. Bf5
Kh5 86. Rg7 Kh6 87. Rg3 Kh5 88. Be4 Kh6 89. Kf5 Rb5+ 90. Kf6 Rb6+ 91. Kf7 Kh5
92. Bf5 Kh4 93. Rg8 Kh5 94. Be6 Kh4 95. Kf6 Rb4 96. Bf5 Rb6+ 97. Be6 Rb4 98. Bd7
Rb6+ 99. Kf5 Rb4 100. Bc6 Kh3 101. Be8 Rb1 102. Bc6 Rf1+ 103. Ke5 Kh4 104. Be4
Kh5 105. Bf5 Ra1 106. Rg7 Kh6 107. Rg6+ Kh5 108. Rg3 Kh4 109. Rh3+ Kg5 110. Rg3+
Kh4 111. Rg8 Kh5 112. Kf6 Ra6+ 113. Be6 Kh4 114. Rg4+ Kh5 115. Rg3 Ra4 116. Bf7+
Kh4 117. Rg7 Rf4+ 118. Ke5 Rf1 119. Bc4 Rf8 120. Bd3 Kh3 121. Bf5+ Kh4 122. Kf4
1/2-1/2

[Event "Druzynowe Mistrzostwa Polski - II Liga 2023"]
[Site "Jastrzebia Gora"]
[Date "1899-12-30"]
[Round "8.117"]
[White "Walaszczyk, Aleksander"]
[Black "Rudecki, Bartosz"]
[Result "1/2-1/2"]
[WhiteTitle "I"]
[BlackTitle "I+"]
[WhiteElo "1693"]
[BlackElo "1880"]

1. d4 Nf6 2. c4 c5 3. d5 b5 4. cxb5 a6 5. b6 d6 6. Nc3 Nbd7 7. e4 g6 8. Be2 Bg7
9. Nf3 O-O 10. O-O Nxb6 11. a4 Ra7 12. a5 Na8 13. Nd2 Nc7 14. f4 Nb5 15. Kh1 e6
16. Bxb5 axb5 17. Nxb5 Rxa5 18. Rxa5 Qxa5 19. Nxd6 exd5 20. Nxc8 Rxc8 21. exd5
Nxd5 22. Nc4 Qd8 23. Qf3 Ne7 24. Rd1 Qc7 25. Bd2 Nf5 26. Bc3 Nd4 27. Qe4 Qc6 28.
Qxc6 1/2-1/2

[Event "Druzynowe Mistrzostwa Polski - II Liga 2023"]
[Site "Jastrzebia Gora"]
[Date "1899-12-30"]
[Round "8.118"]
[White "Szmyd, Arkadiusz"]
[Black "Sasin, Michal"]
[Result "1/2-1/2"]
[WhiteTitle "CM"]
[BlackTitle "I"]
[WhiteElo "2053"]
[BlackElo "1804"]

1. e4 c5 2. Nf3 d6 3. d4 cxd4 4. Nxd4 Nf6 5. Nc3 g6 6. Be3 Bg7 7. f3 O-O 8. Qd2
Nc6 9. O-O-O d5 10. exd5 Nxd5 11. Nxc6 bxc6 12. Bd4 e5 13. Bc5 Re8 14. Ne4 Qc7
15. g4 Be6 16. Bc4 Nf4 17. Bxe6 Nxe6 18. Qc3 Nxc5 19. Qxc5 Rad8 20. g5 Qb6 21.
Qxb6 axb6 22. Rxd8 Rxd8 23. Rd1 Rxd1+ 24. Kxd1 Kf8 25. c4 Ke7 26. b4 h6 27. h4
hxg5 28. hxg5 Kd7 29. a4 Bf8 30. c5 bxc5 31. bxc5 Kc7 32. Kc2 Be7 33. Kc3 Kb7
34. Kc4 Ka6 35. Kb4 Bd8 36. Nd6 f5 37. gxf6 Bxf6 38. Ne4 Bd8 39. Nf2 Bg5 40. Nd3
Bf6 41. Kc4 g5 42. Nb4+ Kb7 43. Kd3 Be7 44. Ke4 Bxc5 45. Nd3 Be7 46. Nxe5 Kb6
47. a5+ Kb5 48. a6 Kxa6 49. Nxc6 Ba3 50. Kf5 Bc1 51. Nd4 Kb7 52. Ne6 Kc6 53. Nxg5
Kd7 54. Ke4 1/2-1/2

[Event "Druzynowe Mistrzostwa Polski - II Liga 2023"]
[Site "Jastrzebia Gora"]
[Date "1899-12-30"]
[Round "8.119"]
[White "Duszczak, Filip"]
[Black "Boruta, Dawid"]
[Result "0-1"]
[WhiteTitle "II"]
[BlackTitle "I++"]
[WhiteElo "1450"]
[BlackElo "1990"]

1. e4 c6 2. d4 d5 3. e5 c5 4. dxc5 e6 5. a3 Bxc5 6. Qg4 Ne7 7. Bd3 Ng6 8. Nf3 Nc6
9. b4 Bb6 10. Bb2 Bd7 11. O-O Qc7 12. Re1 O-O-O 13. c4 dxc4 14. Bxc4 Kb8 15. b5
Na5 16. Bf1 Qc2 17. Re2 Qc4 18. Re4 Qc2 19. Re2 Qb3 20. a4 Nc4 21. Bc3 Rc8 22.
Re4 h5 23. Qg5 Qc2 24. Re2 Qf5 25. Qc1 Nf4 26. Rc2 Nh3+ 27. gxh3 Qxf3 28. Bg2
Qf5 29. Qd1 Rc7 30. Qe2 f6 31. Raa2 Rhc8 32. a5 Bc5 33. Qxc4 Bxf2+ 34. Rxf2 Qxb1+
35. Qf1 Qxf1+ 36. Bxf1 Rxc3 37. exf6 gxf6 38. Rxf6 Rc1 39. Rb2 Rg8+ 40. Kf2 Kc7
41. Rf7 Rg5 42. Bg2 b6 43. axb6+ axb6 44. Be4 Rd1 45. Ra2 Kd6 46. Bf3 Rd4 47.
Ke3 Ke5 48. Rb2 Be8 49. Rb7 Rd6 50. Rb8 Bd7 51. Rf8 h4 52. Rb4 Rf5 53. Re4+ Kd5
54. Rxh4+ Kc5 55. Rxf5+ exf5 56. Bc6 Bxc6 57. bxc6 Kxc6 58. Rh8 b5 59. Kf3 Kc5
60. Kf4 b4 61. Rb8 Rh6 62. Rc8+ Kd4 63. Kg3 b3 64. Rf8 b2 65. Rb8 Kc3 66. Rc8+
Kd2 67. Rd8+ Kc2 68. Rc8+ Kb1 69. Rb8 Rc6 70. Kf4 Rc5 71. h4 Kc2 72. h5 b1=Q 73.
Rxb1 Kxb1 74. Kg5 f4+ 75. Kxf4 Rxh5 76. Kg3 Rg5+ 77. Kh4 Rg1 78. Kh5 Kc2 79. h4
Kd3 80. Kh6 Ke4 81. h5 Kf5 82. Kh7 Kf6 83. h6 Rh1 0-1

[Event "Druzynowe Mistrzostwa Polski - II Liga 2023"]
[Site "Jastrzebia Gora"]
[Date "1899-12-30"]
[Round "8.120"]
[White "Tarnowska, Aleksandra"]
[Black "Barwinska, Ewa"]
[Result "0-1"]
[WhiteTitle "WCM"]
[BlackTitle "WCM"]
[WhiteElo "1860"]
[BlackElo "2030"]

1. e4 c5 2. Nf3 d6 3. Bb5+ Nd7 4. O-O a6 5. Be2 Ngf6 6. d3 g6 7. a4 b6 8. c3 Bg7
9. Nbd2 Bb7 10. Re1 O-O 11. Bf1 e5 12. d4 exd4 13. cxd4 cxd4 14. Nxd4 Re8 15.
f3 d5 16. exd5 Nxd5 17. Rxe8+ Qxe8 18. Nc4 Qe7 19. Nc2 Re8 20. Bd2 Ne5 21. Qe1
Qc7 22. Qg3 Rc8 23. N4e3 Qd6 24. Qf2 Nd7 25. Nc4 Qc7 26. Re1 Nc5 27. a5 b5 28.
N4e3 Nf4 29. Nb4 Bxb2 30. Ng4 Bg7 31. g3 Nfe6 32. Bh6 Bd4 33. Be3 Bg7 34. Bh6
Qd6 35. Nc2 Nd3 36. Bxd3 Qxd3 37. Nce3 Nd4 38. Bxg7 Nxf3+ 39. Kg2 Ng5+ 0-1

[Event "Druzynowe Mistrzostwa Polski - II Liga 2023"]
[Site "Jastrzebia Gora"]
[Date "1899-12-30"]
[Round "8.121"]
[White "Darowicki, Mariusz"]
[Black "Bielinski, Dariusz"]
[Result "1-0"]
[WhiteTitle "I++"]
[BlackTitle "k+"]
[WhiteElo "1906"]
[BlackElo "2129"]

1. e4 d6 2. d4 g6 3. Nc3 Bg7 4. Be3 a6 5. a4 b6 6. Nf3 Bb7 7. Bc4 e6 8. O-O Nd7
9. Nd2 Ne7 10. f4 O-O 11. g4 d5 12. exd5 exd5 13. Be2 Re8 14. Bf2 c5 15. Nf3 Nf6
16. Ne5 Qc7 17. a5 bxa5 18. dxc5 Ne4 19. Nxe4 dxe4 20. Qd6 Qxd6 21. cxd6 Nd5 22.
Bc4 Bxe5 23. fxe5 Rxe5 24. Bg3 Rg5 25. Rxa5 e3 26. h3 Nf4 27. Bxf7+ Kg7 28. Bxf4
Rxa5 29. Bxe3 Rd8 30. Bd4+ Kh6 31. Bb6 Kg7 32. Be3 Rb8 33. b4 Rb5 34. c4 1-0